| 000 | 00709nam a2200229 4500 | ||
|---|---|---|---|
| 003 | OSt | ||
| 005 | 20240716054619.0 | ||
| 006 | a | ||
| 008 | 240716b |||||||| |||| 00| 0 eng d | ||
| 020 | _a9780971576612 | ||
| 040 |
_aDWCL-HMN lib. _cOC |
||
| 082 |
_2First edition _aCirc. 515.7 H111f 2006 |
||
| 100 | _aHa, Dzung Minh | ||
| 245 | _aFunctional analysis: volume 1: a gentle introduction / | ||
| 250 | _aFirst edition | ||
| 260 |
_aN. Y. : _bMatrix Editions, _cc2006. |
||
| 300 |
_axvi, _b640 p. : ill. ; _c24 cm. |
||
| 490 | _3Functional analysis | ||
| 504 | _aIncludes bibliographical references & index. | ||
| 650 | _a1. Functional analysis. | ||
| 942 |
_2ddc _n0 _cBK-CIRC _eFirst edition _kCirc. |
||
| 999 |
_c2247 _d2247 |
||